书目信息 |
| 题名: |
IUCN保护区类型V
|
|
| 作者: | Phillips, 著 ;刘成林 , 朱萍 译 | |
| 分册: | ||
| 出版信息: | 北京 中国环境科学出版社 2005 |
|
| 页数: | 144页 | |
| 开本: | 21cm | |
| 丛书名: | IUCN保护区最佳实践指南丛书 | |
| 单 册: | ||
| 中图分类: | X36 | |
| 科图分类: | ||
| 主题词: | 陆地--景观--自然保护区--管理--指南 , 海洋--景观--自然保护区--管理--指南 , 自然保护区 , 自然堡区--环境管理 , 自然堡区 | |
| 电子资源: | ||
| ISBN: | 7-80209-100-4 | |
| 000 | 01835nam0 2200445 450 | |
| 000 | 01798nam0 2200433 450 | |
| 000 | 01781nam0 2200433 450 | |
| 000 | 01727nam0 2200409 450 | |
| 000 | 01690nam0 2200397 450 | |
| 000 | 01583nam0 2200361 450 | |
| 000 | 01529nam0 2200337 450 | |
| 000 | 01547nam0 2200325 450 | |
| 000 | 01510nam0 2200313 45 | |
| 001 | 06303000260 | |
| 005 | 20070804093550.17 | |
| 010 | @a7-80209-100-4@dCNY12.00(全套定价:72.00) | |
| 100 | @a20060829d2005 em y0chiy0110 ea | |
| 101 | 1 | @achi@ceng |
| 102 | @aCN@b110000 | |
| 105 | @aa z 000yy | |
| 200 | 1 | @aIUCN保护区类型V@AIUCN Bao Hu Qu Lei Xing V@dManagement Guidelines for IUCN Category V Protected Areas Protected Landscapes/Seascapes@e陆地/海洋景观保护区管理指南@ELu Di / Hai Yang Jing Guan Bao Hu Qu Guan Li Zhi Nan@f(澳) Adrian Phillips著@F( Ao ) Adrian Phillips Zhu@g刘成林,朱萍译@zeng |
| 210 | @a北京@c中国环境科学出版社@d2005 | |
| 215 | @a144页@c照片@d21cm | |
| 225 | 2 | @aIUCN保护区最佳实践指南丛书 |
| 330 | @a本书内容包括背景——类型Ⅴ保护区简介、类型Ⅴ保护区规划、类型Ⅴ保护区管理原则、类型Ⅴ保护区管理政策、类型Ⅴ保护区管理程序与规划等。 | |
| 410 | 0 | @12001 @aIUCN保护区最佳实践指南丛书 |
| 510 | 1 | @aManagement Guidelines for IUCN Category V Protected Areas Protected Landscapes/Seascapes@zeng |
| 606 | 0 | @a陆地@x景观@x自然保护区@x管理@x指南 |
| 606 | 0 | @a海洋@x景观@x自然保护区@x管理@x指南 |
| 606 | 0 | @a自然保护区 |
| 606 | 0 | @a自然堡区@x环境管理 |
| 606 | 0 | @a自然堡区 |
| 690 | @aX36@v4 | |
| 701 | A1 | @aPhillips,@bAdrian@4著 |
| 702 | 0 | @a刘成林@ALiu Cheng Lin@4译 |
| 702 | 0 | @a朱萍@AZhu Ping@c(翻译)@4译 |
| 801 | 0 | @aCN@b中图数据@c20070804 |
| 905 | @a10447@dX36@e51:5 | |
| IUCN保护区类型V=Management Guidelines for IUCN Category V Protected Areas Protected Landscapes/Seascapes:陆地/海洋景观保护区管理指南/(澳) Adrian Phillips著/刘成林,朱萍译.-北京:中国环境科学出版社,2005 |
| 144页:照片;21cm.-(IUCN保护区最佳实践指南丛书) |
| ISBN 7-80209-100-4:CNY12.00(全套定价:72.00) |
| 本书内容包括背景——类型Ⅴ保护区简介、类型Ⅴ保护区规划、类型Ⅴ保护区管理原则、类型Ⅴ保护区管理政策、类型Ⅴ保护区管理程序与规划等。 |
| ● |
| 相关链接 |
|
|
|
|
正题名:IUCN保护区类型V
索取号:X36/51:5
 
预约/预借
| 序号 | 登录号 | 条形码 | 馆藏地/架位号 | 状态 | 备注 |
| 1 | 0608590 | 206085902 | 第二样本阅览室/ [索取号:X36/51:5] | 在馆 | |
| 2 | 0608591 | 206085911 | 第三借阅区/ [索取号:X36/51:5] | 在馆 | |
| 3 | 0608592 | 206085920 | 第三借阅区/ [索取号:X36/51:5] | 在馆 | |
| 4 | 0608593 | 206085939 | 第三借阅区/ [索取号:X36/51:5] | 在馆 | |
| 5 | 0608594 | 206085948 | 第三借阅区/ [索取号:X36/51:5] | 在馆 | |
| 6 | 0807847 | 208078471 | 第三借阅区/ [索取号:X36/51:5] | 在馆 | |
| 7 | 0807848 | 208078480 | 第三借阅区/ [索取号:X36/51:5] | 在馆 |